History Quiz

Random History or Country Quiz

Countries of the Mongolian Empire Quiz Stats

 Plays Quiz Updated Nov 15, 2014

Score 0/30 Timer 05:00
1 Play Today
% Correct
China
98.7%
Russia
97.7%
India
95.1%
Mongolia
93.3%
Iran
92.1%
Pakistan
91.5%
Iraq
91.4%
Turkey
90.1%
Afghanistan
88.7%
North Korea
86.8%
South Korea
86.6%
Vietnam
86.1%
Kazakhstan
85.8%
Uzbekistan
84.5%
Turkmenistan
84.1%
% Correct
Ukraine
84%
Nepal
83.4%
Laos
82.4%
Georgia
79.9%
Tajikistan
79.7%
Armenia
79.2%
Azerbaijan
79.2%
Kyrgyzstan
77.3%
Syria
74.9%
Myanmar
74.1%
Romania
73.5%
Belarus
73.4%
Poland
72.7%
Bhutan
71.4%
Moldova
59%

You're not logged in!

Compare scores with friends on all Sporcle quizzes.
OR
Log In

Sporcle TV

Today on Sporcle TV


Watch our educational content, quiz creation guides, and fun videos on Sporcle TV.

Show Comments

Extras

Top Quizzes Today


Score Distribution

Your Account Isn't Verified!

In order to create a playlist on Sporcle, you need to verify the email address you used during registration. Go to your Sporcle Settings to finish the process.

Report this User

Report this user for behavior that violates our Community Guidelines.

Details: